[Event "Condom"]
[Site "?"]
[Date "2002.07.18"]
[Round "8.36"]
[White "Massery Renaud"]
[Black "Canivet Christophe"]
[Result "0-1"]
[WhiteElo "1420"]
[BlackElo "1840"]
[PlyCount "134"]
[EventDate "2002.??.??"]
[Source "www.chesslib.no"]
[SourceDate "2004.05.04"]

1. e4 e5 2. Nf3 c6 3. Nxe5 Bc5 4. d4 Qf6 5. Nf3 Bb6 6. Be2 d6 7. h3 Ne7 8. O-O O-O 9. c3 Re8 10. e5 dxe5 11. Nxe5 c5 12. Nc4 cxd4 13. Nxb6 Qxb6 14. Qxd4 Qxd4 15. cxd4 Nf5 16. Bb5 Rd8 17. Be3 Nxd4 18. Nc3 Nbc6 19. Rfd1 Nxb5 20. Rxd8+ Nxd8 21. Nxb5 b6 22. Rc1 Be6 23. a3 a6 24. Nc7 Ra7 25. Bxb6 Rb7 26. Ba5 h6 27. Nxa6 Ra7 28. Bxd8 Rxa6 29. Kf1 Rd6 30. Ba5 Bb3 31. Ke2 Re6+ 32. Kf1 Re5 33. Bb4 Ba4 34. Rc3 Bb5+ 35. Kg1 Re1+ 36. Kh2 Re2 37. Kg3 Rxb2 38. h4 Re2 39. Kf3 Re6 40. Rc1 Bc6+ 41. Rxc6 Rxc6 42. g4 g5 43. hxg5 hxg5 44. Ke4 f6 45. f4 Rc4+ 46. Kf3 Rxf4+ 47. Kg3 Kf7 48. Bc5 Ke6 49. Bb4 Kd5 50. Be7 Ke4 51. a4 Kd5 52. a5 Ke6 53. Bd8 Kd7 54. Bb6 Ra4 55. Kf3 Ra3+ 56. Kg2 Ke6 57. Bd8 Ke5 58. Kh2 Kf4 59. Bxf6 Kxg4 60. Bd8 Ra2+ 61. Kg1 Kf4 62. Bc7+ Kf3 63. Bd8 g4 64. Bc7 g3 65. Be5 Rxa5 66. Bc3 Rb5 67. Be1 Rb1 0-1

[Event "Kings-Skewers"]
[Site "?"]
[Date "2007.09.20"]
[Round "?"]
[White "Goncharoff, Nik"]
[Black "Ansari, Naseer"]
[Result "0-1"]
[WhiteElo "1613"]
[BlackElo "1587"]
[PlyCount "162"]
[EventDate "2007.07.16"]
[Source "www.chesslib.no"]
[SourceDate "2004.05.04"]

1. e4 e5 2. Nf3 c6 3. Bc4 h6 4. O-O d6 5. h3 Nf6 6. d3 Nbd7 7. a3 Be7 8. Nc3 O-O 9. Be3 b5 10. Ba2 a6 11. Ne2 c5 12. Ng3 Bb7 13. Nf5 Nb6 14. Nxe7+ Qxe7 15. Nh2 Qc7 16. Ng4 Nxg4 17. Qxg4 Kh7 18. Qf5+ Kh8 19. Qh5 Qe7 20. f4 Nd7 21. f5 Nf6 22. Qf3 Rad8 23. Qf2 Rc8 24. c3 d5 25. Bxc5 Qxc5 26. Qxc5 Rxc5 27. exd5 Bxd5 28. d4 exd4 29. cxd4 Rc7 30. b4 Rc2 31. Bxd5 Nxd5 32. Rf2 Ne3 33. Ra2 Rxa2 34. Rxa2 Nxf5 35. d5 Rd8 36. Rd2 Ne3 37. d6 Nc4 38. Rd3 Rxd6 39. Rf3 f6 40. Rc3 Rd2 41. a4 Rb2 42. axb5 axb5 43. Rd3 Rxb4 44. Rd8+ Kh7 45. Rb8 Rb1+ 46. Kf2 b4 47. h4 b3 48. Rb4 Ne5 49. Ke2 Rb2+ 50. Ke3 Nc6 51. Rb5 Rb1 52. Kd3 b2 53. Kc3 Rh1 54. Rxb2 Rxh4 55. Kd3 Rg4 56. Ke3 Ne5 57. Ra2 h5 58. Kf2 g5 59. g3 h4 60. gxh4 Rxh4 61. Kg3 Kg6 62. Ra8 Kf5 63. Ra5 Rc4 64. Ra3 Rd4 65. Ra6 Rd3+ 66. Kg2 g4 67. Ra5 Ke4 68. Ra4+ Rd4 69. Ra1 f5 70. Re1+ Kf4 71. Re2 Nf3 72. Rf2 Rd2 73. Kf1 Rxf2+ 74. Kxf2 g3+ 75. Kg2 Nh4+ 76. Kg1 g2 77. Kf2 Kg4 78. Kg1 Kf3 79. Kh2 Kf2 80. Kh3 g1=Q 81. Kxh4 Qg4# 0-1

[Event "FRA Cup"]
[Site "?"]
[Date "2002.12.15"]
[Round "1"]
[White "Phalippou Philippe"]
[Black "Reignier Frank"]
[Result "1-0"]
[WhiteElo "1670"]
[BlackElo "1499"]
[PlyCount "57"]
[EventDate "2002.??.??"]
[Source "www.chesslib.no"]
[SourceDate "2004.05.04"]

1. e4 e5 2. Nf3 Bd6 3. Bc4 Qe7 4. Nc3 Nc6 5. Nd5 Qf8 6. d4 Nf6 7. dxe5 Nxe5 8. Nxe5 Bxe5 9. f4 Qd6 10. fxe5 Qxe5 11. Nxf6+ Qxf6 12. Qf3 O-O 13. Qxf6 gxf6 14. O-O b6 15. Rxf6 Kg7 16. e5 Bb7 17. Bh6+ Kh8 18. Bxf8 Rxf8 19. Rxf7 Rg8 20. g3 c6 21. Rxd7 Rb8 22. Rf1 b5 23. Bd3 a6 24. Rff7 c5 25. Rxh7+ Kg8 26. Rxb7 Ra8 27. e6 a5 28. e7 Re8 29. Bg6 1-0

[Event "Bahn-chS 70"]
[Site "?"]
[Date "2000.09.27"]
[Round "4"]
[White "Schuessler Michael"]
[Black "Materna Edmund"]
[Result "1-0"]
[WhiteElo "1599"]
[BlackElo "1470"]
[PlyCount "81"]
[EventDate "2000.??.??"]
[Source "www.chesslib.no"]
[SourceDate "2004.05.04"]

1. e4 e5 2. Nf3 Bd6 3. Bc4 h6 4. d3 Nf6 5. Be3 c5 6. h3 Nc6 7. g4 b5 8. Bb3 Na5 9. c3 Qc7 10. g5 hxg5 11. Nxg5 c4 12. dxc4 Nxc4 13. Bxc4 bxc4 14. Nd2 Ba6 15. b3 Bc5 16. Nf1 Rb8 17. Bxc5 Qxc5 18. Ne3 g6 19. Qf3 Qe7 20. b4 Rb6 21. Ke2 Rd6 22. Ng4 Nh7 23. Nxh7 Rxh7 24. Rad1 Bb7 25. Rxd6 Qxd6 26. Nf6+ Ke7 27. Nxh7 f5 28. Qe3 Qa6 29. Qc5+ Kd8 30. Qa5+ Qxa5 31. bxa5 Bxe4 32. Rg1 f4 33. Ng5 Bd3+ 34. Kf3 d5 35. Nf7+ Ke7 36. Nxe5 Be4+ 37. Ke2 Kf6 38. Nc6 Bf5 39. Nxa7 Bxh3 40. f3 Bd7 41. Rb1 1-0

[Event "Corr"]
[Site "?"]
[Date "2001.06.13"]
[Round "?"]
[White "Neto Malvaso Jose"]
[Black "Perez Correa Miguel Angel"]
[Result "1-0"]
[WhiteElo "1542"]
[BlackElo "1483"]
[PlyCount "41"]
[EventDate "2001.??.??"]
[Source "www.chesslib.no"]
[SourceDate "2004.05.04"]

1. e4 e5 2. Nf3 Nh6 3. d4 exd4 4. Bxh6 gxh6 5. Qxd4 f6 6. Nc3 Nc6 7. Qd5 Nb4 8. Qh5+ Ke7 9. O-O-O Qe8 10. Qxe8+ Kxe8 11. a3 Nc6 12. Nd5 Bd6 13. Nxf6+ Ke7 14. Nd5+ Kd8 15. Bb5 Re8 16. Nf6 Rxe4 17. Nxe4 a6 18. Bxc6 bxc6 19. Nxd6 cxd6 20. Rxd6 Ke7 21. Rxh6 1-0

[Event "Finistere-chT 0102"]
[Site "?"]
[Date "2002.01.12"]
[Round "3.16"]
[White "Suet Pascal"]
[Black "Morieux Bruno"]
[Result "1-0"]
[WhiteElo "1499"]
[BlackElo "1499"]
[PlyCount "25"]
[EventDate "2002.??.??"]
[Source "www.chesslib.no"]
[SourceDate "2004.05.04"]

1. e4 e5 2. Nf3 Bd6 3. Nc3 c5 4. Bc4 Nf6 5. Ng5 Ng4 6. Nxf7 Rf8 7. Nxd8 Kxd8 8. Qxg4 Nc6 9. Qxg7 h5 10. Nb5 Be7 11. d3 a6 12. Bg5 Bxg5 13. Qxf8# 1-0

[Event "Corr"]
[Site "?"]
[Date "2004.06.30"]
[Round "?"]
[White "Michael Holger"]
[Black "Colton James"]
[Result "1-0"]
[WhiteElo "1453"]
[BlackElo "1537"]
[PlyCount "57"]
[EventDate "2004.??.??"]
[Source "www.chesslib.no"]
[SourceDate "2004.05.04"]

1. e4 e5 2. Nf3 Bc5 3. Bc4 d6 4. O-O Nf6 5. Nc3 c6 6. d4 b5 7. dxc5 bxc4 8. Qxd6 Qxd6 9. cxd6 Nbd7 10. Bg5 O-O 11. Nd2 Ba6 12. Bxf6 Nxf6 13. f4 Nd7 14. fxe5 Nxe5 15. Nf3 Nd7 16. Nd4 Ne5 17. Rf5 Rad8 18. Rxe5 Rxd6 19. Nf5 Rd7 20. Ne7+ Rxe7 21. Rxe7 Ra8 22. Rd1 g6 23. Rd6 Kf8 24. Rdd7 Kg7 25. Rxf7+ Kg8 26. e5 Re8 27. Ne4 Re6 28. Nf6+ Kh8 29. Rf8# 1-0

[Event "Gemuend"]
[Site "?"]
[Date "1999.10.27"]
[Round "5"]
[White "Wallrabenstein Elena"]
[Black "Zanger Konrad"]
[Result "1/2-1/2"]
[WhiteElo "1219"]
[BlackElo "1746"]
[PlyCount "92"]
[EventDate "1999.??.??"]
[Source "www.chesslib.no"]
[SourceDate "2004.05.04"]

1. e4 e5 2. Nf3 c6 3. d3 d6 4. h3 Be7 5. Be2 Nf6 6. O-O O-O 7. Nc3 Nbd7 8. a3 Qc7 9. Be3 a6 10. Nd2 b5 11. f4 exf4 12. Bxf4 Ne5 13. Be3 Bb7 14. Nf3 Rad8 15. Nxe5 dxe5 16. Rb1 b4 17. axb4 Bxb4 18. Bd2 Bxc3 19. Bxc3 Nxe4 20. Qe1 Nxc3 21. Qxc3 c5 22. Rf5 f6 23. b4 Qb6 24. Kh1 cxb4 25. Rxb4 Qa5 26. d4 Bc8 27. Rh5 g6 28. dxe5 gxh5 29. Rg4+ Bxg4 30. Bc4+ Kh8 31. Qxa5 Bc8 32. Bd3 Kg7 33. exf6+ Kxf6 34. Qxh5 Rh8 35. Qh6+ Ke5 36. Bxh7 Rd1+ 37. Kh2 Rdd8 38. Qg5+ Kd4 39. Bd3 Rhg8 40. Qf6+ Ke3 41. Qe5+ Kd2 42. Qf4+ Kc3 43. Qc4+ Kd2 44. Qb4+ Ke3 45. Qb3 Kf2 46. Be4 Rgf8 1/2-1/2

[Event "Corr"]
[Site "?"]
[Date "2000.??.??"]
[Round "?"]
[White "Petruzzelli Raffaele"]
[Black "De Mari Daniel"]
[Result "1-0"]
[WhiteElo "1464"]
[BlackElo "1500"]
[PlyCount "71"]
[EventDate "2000.??.??"]
[Source "www.chesslib.no"]
[SourceDate "2004.05.04"]

1. e4 e5 2. Nf3 Bc5 3. Nxe5 d6 4. Nf3 Nf6 5. d4 Bb6 6. Nc3 Bg4 7. Bb5+ c6 8. Be2 Bxf3 9. Bxf3 Nbd7 10. O-O O-O 11. Bf4 Qe7 12. a4 Ba5 13. Rb1 Bxc3 14. bxc3 Nb6 15. Bxd6 Qxd6 16. e5 Qe6 17. exf6 Qxf6 18. a5 Na4 19. Rxb7 Nxc3 20. Qd3 Nb5 21. Bxc6 Nxd4 22. Be4 g6 23. Rd7 Rad8 24. Rxa7 Rd6 25. Rb7 Rfd8 26. c4 Ne6 27. Bd5 Rxd5 28. cxd5 Nc5 29. Qb5 Nxb7 30. Qxb7 Qd4 31. a6 Qxd5 32. Qxd5 Rxd5 33. Ra1 Rd8 34. a7 Ra8 35. f4 Kf8 36. Kf2 1-0

[Event "Corr"]
[Site "?"]
[Date "2000.04.02"]
[Round "?"]
[White "Agnew George Hartwell"]
[Black "Allen Dustin"]
[Result "1-0"]
[WhiteElo "1403"]
[BlackElo "1554"]
[PlyCount "101"]
[EventDate "2000.??.??"]
[Source "www.chesslib.no"]
[SourceDate "2004.05.04"]

1. e4 e5 2. Nf3 g6 3. Nxe5 Bg7 4. d4 Nf6 5. Bd3 O-O 6. Bg5 Na6 7. Bxa6 bxa6 8. Nd2 Qe8 9. O-O Rb8 10. b3 Rb4 11. c4 d6 12. Nd3 Rb8 13. e5 Nh5 14. f4 dxe5 15. dxe5 Bf5 16. Nc5 Bd3 17. Nxd3 Rd8 18. Bxd8 Qxd8 19. Nc5 Qd4+ 20. Kh1 Qxc5 21. Ne4 Qe3 22. Qf3 Qxf3 23. Rxf3 Rd8 24. g4 Nxf4 25. Rxf4 Bxe5 26. Raf1 Bxf4 27. Rxf4 Rd1+ 28. Kg2 h6 29. Rf6 Re1 30. Nc5 Kg7 31. Rxa6 f6 32. Rxa7 f5 33. Rxc7+ Kf6 34. gxf5 gxf5 35. Rc6+ Kg5 36. h4+ Kxh4 37. Rxh6+ Kg5 38. Re6 Ra1 39. a4 Kg4 40. Re2 Rd1 41. a5 f4 42. Kf2 Rh1 43. a6 f3 44. Re4+ Kf5 45. Kxf3 Rh3+ 46. Kg2 Rh7 47. b4 Rg7+ 48. Kf3 Rf7 49. b5 Kg5+ 50. Ke3 Kf5 51. b6 1-0

[Event "MEX ol U14 Girls"]
[Site "?"]
[Date "2002.07.15"]
[Round "4"]
[White "Montero Gonzalez Karla"]
[Black "De la Cruz Lopez Adriana"]
[Result "1-0"]
[WhiteElo "1540"]
[BlackElo "1414"]
[PlyCount "59"]
[EventDate "2002.??.??"]
[Source "www.chesslib.no"]
[SourceDate "2004.05.04"]

1. e4 e5 2. Nf3 c6 3. d4 d5 4. dxe5 Bg4 5. exd5 cxd5 6. Nc3 Bb4 7. Bb5+ Nc6 8. Qd3 Nge7 9. O-O O-O 10. Bg5 Bxf3 11. Bxe7 Qxe7 12. Qxf3 Nxe5 13. Qxd5 Bxc3 14. bxc3 Rad8 15. Qe4 a6 16. Rfe1 Ng6 17. Qxe7 Nxe7 18. Rxe7 axb5 19. Rxb7 Rc8 20. Rxb5 Rxc3 21. a4 Rxc2 22. a5 Ra8 23. a6 Rc7 24. a7 Rcc8 25. Rb7 g6 26. Rab1 Kg7 27. Rb8 Rcxb8 28. axb8=Q Rxb8 29. Rxb8 h5 30. h4 1-0

[Event "Corr"]
[Site "?"]
[Date "2001.06.13"]
[Round "?"]
[White "Dos Santos Armando Jose Bueno"]
[Black "Perez Correa Miguel Angel"]
[Result "0-1"]
[WhiteElo "1482"]
[BlackElo "1469"]
[PlyCount "29"]
[EventDate "2001.??.??"]
[Source "www.chesslib.no"]
[SourceDate "2004.05.04"]

1. e4 e5 2. Nf3 Nh6 3. d3 Qf6 4. Nc3 c6 5. Bg5 Qd6 6. Qd2 f6 7. Bh4 g5 8. Bg3 b6 9. O-O-O Na6 10. d4 exd4 11. Bxd6 Bxd6 12. Nxd4 c5 13. Nf5 Bf4 14. Ne3 Nb4 15. a3 0-1

[Event "Chargers-Pawns"]
[Site "?"]
[Date "1999.09.13"]
[Round "?"]
[White "McCarthy, D."]
[Black "Logan, H."]
[Result "1-0"]
[WhiteElo "1698"]
[BlackElo "1222"]
[PlyCount "73"]
[EventDate "1999.??.??"]
[Source "www.chesslib.no"]
[SourceDate "2004.05.04"]

1. e4 e5 2. Nf3 Bc5 3. Bc4 d6 4. Nc3 c6 5. O-O Nf6 6. h3 O-O 7. d3 b5 8. Bb3 a5 9. a3 Re8 10. Ng5 d5 11. exd5 cxd5 12. Nxb5 a4 13. Ba2 h6 14. Nf3 Bd7 15. Nc3 Bc6 16. d4 e4 17. Ne5 Bd6 18. Nxc6 Nxc6 19. Kh1 Bc7 20. Be3 Ra5 21. b4 Qd6 22. g3 Raa8 23. Bf4 Qd7 24. Bxc7 Qxc7 25. Nxd5 Nxd5 26. Bxd5 Rad8 27. c4 e3 28. Qd3 Rf8 29. Qxe3 Ne7 30. Bf3 Rde8 31. Qc3 f5 32. d5 Rd8 33. Rad1 f4 34. g4 Ng6 35. c5 Ne5 36. d6 Qf7 37. Bd5 1-0

[Event "Wesel-Undeloh [14.04.-17.04"]
[Site "?"]
[Date "2005.??.??"]
[Round "2.16"]
[White "Krneta Slavko"]
[Black "Marunde Uwe"]
[Result "1-0"]
[WhiteElo "1715"]
[BlackElo "1124"]
[PlyCount "47"]
[EventDate "2005.??.??"]
[Source "www.chesslib.no"]
[SourceDate "2004.05.04"]

1. e4 e5 2. Nf3 Bd6 3. Bc4 Qe7 4. Nc3 c6 5. d3 b5 6. Bb3 b4 7. Ne2 Bc5 8. O-O h6 9. c3 a5 10. d4 exd4 11. cxd4 Bb6 12. Ne5 Nf6 13. Bxf7+ Kf8 14. Ng6+ Kxf7 15. Nxe7 Kxe7 16. e5 Nd5 17. Nf4 Nxf4 18. Bxf4 Rf8 19. Bg3 Bc7 20. d5 d6 21. exd6+ Bxd6 22. Re1+ Kf7 23. Bxd6 Rd8 24. dxc6 1-0

[Event "POR-ch U12"]
[Site "Armacao de Pera"]
[Date "2001.04.08"]
[Round "2.3"]
[White "Cortinhas, Mariana"]
[Black "Silva, Fabio"]
[Result "1-0"]
[WhiteElo "1492"]
[BlackElo "1313"]
[PlyCount "59"]
[EventDate "2001.04.07"]
[Source "www.chesslib.no"]
[SourceDate "2004.05.04"]

1. e4 e5 2. Nf3 Bc5 3. Nxe5 Qe7 4. d4 Nf6 5. Bg5 d6 6. Bxf6 Qxf6 7. Nf3 Bb4+ 8. c3 Ba5 9. Nbd2 O-O 10. Be2 Qg6 11. O-O f5 12. Bd3 f4 13. Re1 Bh3 14. Bf1 Qg4 15. Qb3+ Kh8 16. Qxb7 Rf6 17. Qxa8 Rg6 18. Qxb8+ Qc8 19. Qxc8+ Bxc8 20. Nc4 Bb6 21. Nxb6 cxb6 22. e5 Bg4 23. exd6 Bd7 24. Ne5 Rxd6 25. Nxd7 h6 26. Bd3 g6 27. Re7 Kg8 28. Rae1 Kh8 29. Re8+ Kg7 30. R1e7# 1-0

[Event "Corr"]
[Site "?"]
[Date "2001.10.15"]
[Round "?"]
[White "McGary Fred"]
[Black "Sparkes William"]
[Result "1-0"]
[WhiteElo "1500"]
[BlackElo "1183"]
[PlyCount "31"]
[EventDate "2001.??.??"]
[Source "www.chesslib.no"]
[SourceDate "2004.05.04"]

1. e4 e5 2. Nf3 Bd6 3. Bc4 Nc6 4. O-O Bc5 5. c3 Qf6 6. d4 exd4 7. e5 Nxe5 8. Nxe5 dxc3 9. Nxc3 Qxe5 10. Re1 Qe7 11. Nd5 Qxe1+ 12. Qxe1+ Kd8 13. Qe5 Bf8 14. Qxc7+ Ke8 15. Bf4 Ne7 16. Re1 1-0

[Event "CAN-ch U16 Girls"]
[Site "?"]
[Date "2003.07.10"]
[Round "7"]
[White "Migneault Dominik"]
[Black "Nadeau Dominique"]
[Result "1/2-1/2"]
[WhiteElo "1290"]
[BlackElo "1333"]
[PlyCount "120"]
[EventDate "2003.??.??"]
[Source "www.chesslib.no"]
[SourceDate "2004.05.04"]

1. e4 e5 2. Nf3 Bc5 3. Bc4 d6 4. O-O Nc6 5. c3 Be6 6. Bxe6 fxe6 7. d4 Bb6 8. Be3 Nf6 9. Qd3 O-O 10. h3 Ne7 11. Nbd2 Ng6 12. Ng5 Qd7 13. Nc4 Rae8 14. dxe5 Nxe5 15. Nxe5 dxe5 16. Qxd7 Nxd7 17. Bxb6 Nxb6 18. Rfd1 h6 19. Nf3 Rf4 20. Re1 Ref8 21. b3 Nd7 22. Re2 Nf6 23. Nxe5 Rxe4 24. Rxe4 Nxe4 25. Nf3 Nxc3 26. a4 Re8 27. Ne5 Nd5 28. g4 Kf8 29. Rf1 Ke7 30. f4 Kd6 31. Nf7+ Kc5 32. g5 Rf8 33. Ne5 Kd4 34. Ng6 Rf5 35. Kh2 hxg5 36. Kg3 Nxf4 37. Nxf4 Rxf4 38. Rd1+ Ke4 39. Rd7 Rf3+ 40. Kg4 g6 41. b4 Rf4+ 42. Kxg5 Ke5 43. b5 Rc4 44. a5 b6 45. axb6 axb6 46. h4 Rc5 47. Kxg6 c6 48. bxc6 Rxc6 49. h5 Rc8 50. h6 Kf4 51. Rf7+ Ke4 52. Kg7 e5 53. Rf8 Rc7+ 54. Kg8 Kd3 55. Rb8 e4 56. Rxb6 Rd7 57. h7 e3 58. h8=Q Rd8+ 59. Kg7 Rxh8 60. Kxh8 e2 1/2-1/2

[Event "Corr"]
[Site "?"]
[Date "2002.07.11"]
[Round "?"]
[White "Iverson David"]
[Black "Embrechts Wim"]
[Result "1-0"]
[WhiteElo "1300"]
[BlackElo "1292"]
[PlyCount "33"]
[EventDate "2002.??.??"]
[Source "www.chesslib.no"]
[SourceDate "2004.05.04"]

1. e4 e5 2. Nf3 Bd6 3. Nc3 Nf6 4. Bc4 O-O 5. O-O Nc6 6. d4 exd4 7. Nxd4 Nxd4 8. Qxd4 Re8 9. Bd2 Be5 10. Qd3 Bxh2+ 11. Kxh2 Ng4+ 12. Kg1 Ne3 13. fxe3 Re7 14. Rxf7 Rxf7 15. Rf1 Kh8 16. Rxf7 b6 17. Qd4 1-0

[Event "Elo"]
[Site "?"]
[Date "2000.03.25"]
[Round "?"]
[White "Theofel Heiner"]
[Black "Karlsson Ove"]
[Result "1-0"]
[WhiteElo "1585"]
[BlackElo "969"]
[PlyCount "47"]
[EventDate "2000.??.??"]
[Source "www.chesslib.no"]
[SourceDate "2004.05.04"]

1. e4 e5 2. Nf3 Be7 3. Nxe5 d6 4. Nf3 Bd7 5. d4 Nh6 6. Nc3 O-O 7. Bf4 Ng4 8. h3 Nf6 9. Bd3 h6 10. Qe2 Ne8 11. O-O-O c6 12. e5 Bc8 13. g4 dxe5 14. dxe5 b5 15. Bh7+ Kxh7 16. Rxd8 Nc7 17. Rxf8 Bxf8 18. Nd4 Nd5 19. Nxd5 cxd5 20. Qxb5 Nd7 21. Qxd5 Nb6 22. Qxf7 Bc5 23. Bxh6 Kxh6 24. Qh5# 1-0

[Event "Corr"]
[Site "?"]
[Date "2000.05.22"]
[Round "?"]
[White "MacDonald Jim"]
[Black "Gee Woody"]
[Result "1-0"]
[WhiteElo "1387"]
[BlackElo "1132"]
[PlyCount "57"]
[EventDate "2000.??.??"]
[Source "www.chesslib.no"]
[SourceDate "2004.05.04"]

1. e4 e5 2. Nf3 Bd6 3. Bc4 Nh6 4. d4 Qf6 5. Bg5 Qg6 6. dxe5 Bc5 7. Nc3 O-O 8. Nd5 Qxe4+ 9. Qe2 Qxe2+ 10. Bxe2 Nf5 11. Nxc7 h6 12. Bd2 Na6 13. Nxa8 d6 14. Bxa6 bxa6 15. Nc7 Bb6 16. Nd5 Bc5 17. O-O-O Be6 18. c4 Bxf2 19. exd6 Nxd6 20. Bb4 Rd8 21. Bxd6 Bxd5 22. Rxd5 a5 23. Rhd1 Be3+ 24. Kc2 a4 25. Bc5 Bxc5 26. Rxd8+ Kh7 27. R1d5 Bb6 28. c5 Bxd8 29. Rxd8 1-0

[Event "Corr"]
[Site "?"]
[Date "2000.01.11"]
[Round "?"]
[White "Sparkes William"]
[Black "Harrison Mark"]
[Result "1-0"]
[WhiteElo "1116"]
[BlackElo "1401"]
[PlyCount "56"]
[EventDate "2000.??.??"]
[Source "www.chesslib.no"]
[SourceDate "2004.05.04"]

1. e4 e5 2. Nf3 Bc5 3. Nxe5 Qf6 4. Ng4 Qe6 5. Nc3 Nc6 6. Ne3 Nf6 7. Qf3 Nd4 8. Qg3 Nxc2+ 9. Nxc2 O-O 10. e5 Nh5 11. Qg5 g6 12. Be2 b6 13. Bxh5 Bb7 14. Bg4 Qc4 15. Bxd7 Ba6 16. Ne3 Qd3 17. Bc6 Rad8 18. Ned5 Rd6 19. exd6 cxd6 20. Nf6+ Kg7 21. Nh5+ Kg8 22. Be4 Qc4 23. d3 Qd4 24. Qe3 Qe5 25. Qh6 Bxd3 26. Bg5 f5 27. Nf6+ Kf7 28. Qxh7+ Ke6 1-0

[Event "Steinfurt"]
[Site "?"]
[Date "2004.01.10"]
[Round "5.6"]
[White "Roewekamp Andre"]
[Black "Benson Andre"]
[Result "0-1"]
[WhiteElo "1120"]
[BlackElo "1396"]
[PlyCount "104"]
[EventDate "2004.??.??"]
[Source "www.chesslib.no"]
[SourceDate "2004.05.04"]

1. e4 e5 2. Nf3 Bc5 3. Nxe5 Qe7 4. d4 d6 5. dxc5 dxe5 6. Be3 Nf6 7. Nc3 c6 8. Be2 O-O 9. O-O Rd8 10. Qe1 Bg4 11. Rd1 Nbd7 12. b4 Bxe2 13. Qxe2 a5 14. a3 axb4 15. axb4 Ra3 16. Rd3 Qe6 17. Bd2 Rda8 18. Bc1 Ra1 19. Bb2 Rxf1+ 20. Qxf1 Qc4 21. Rd1 Qxb4 22. Rb1 Qxc5 23. Qd3 h6 24. h3 b5 25. Ne2 Qb4 26. Qc3 Qxe4 27. Re1 Re8 28. Ng3 Qd5 29. Ba3 c5 30. Qe3 b4 31. Bb2 Qa2 32. Qb3 Qa6 33. Ne4 Nxe4 34. Rxe4 Qc6 35. f3 Nf6 36. Rxe5 Rxe5 37. Bxe5 Nd7 38. Ba1 Qb6 39. Qa4 c4+ 40. Kh2 Nc5 41. Qe8+ Kh7 42. Qxf7 Qd6+ 43. f4 c3 44. Qc4 Ne6 45. Kg3 g5 46. Qe4+ Kg7 47. Qe5+ Qxe5 48. fxe5 h5 49. Kf3 Nd4+ 50. Ke3 Nxc2+ 51. Kd3 Nxa1 52. e6 Kf6 0-1

[Event "Corr"]
[Site "?"]
[Date "2004.03.12"]
[Round "?"]
[White "Parkes Terry"]
[Black "Adams Kris"]
[Result "1-0"]
[WhiteElo "1297"]
[BlackElo "1209"]
[PlyCount "27"]
[EventDate "2004.??.??"]
[Source "www.chesslib.no"]
[SourceDate "2004.05.04"]

1. e4 e5 2. Nf3 Bc5 3. Bc4 Nf6 4. Nc3 Nc6 5. a3 Ng4 6. O-O d6 7. h3 Be6 8. Qe2 O-O 9. hxg4 Bxg4 10. Qd1 Qf6 11. Be2 Nd4 12. Nxd4 exd4 13. Nd5 Qh4 14. Bxg4 1-0

[Event "Corr"]
[Site "?"]
[Date "2001.05.06"]
[Round "?"]
[White "Koski Chad"]
[Black "Eicholtz Joshua"]
[Result "1-0"]
[WhiteElo "1287"]
[BlackElo "1200"]
[PlyCount "41"]
[EventDate "2001.??.??"]
[Source "www.chesslib.no"]
[SourceDate "2004.05.04"]

1. e4 e5 2. Nf3 Bd6 3. d4 exd4 4. Nxd4 Nc6 5. Be2 Nf6 6. Nc3 O-O 7. O-O Re8 8. Bg5 Be5 9. Nf3 Bxc3 10. bxc3 Qe7 11. Re1 Qxe4 12. Bd3 Qe6 13. Rxe6 Rxe6 14. Bc4 Rd6 15. Bd3 a5 16. Bf4 a4 17. Bxd6 cxd6 18. Bc4 Ne4 19. Qd5 Nxc3 20. Qxf7+ Kh8 21. Qf8# 1-0

[Event "Feldkirchen"]
[Site "?"]
[Date "1998.??.??"]
[Round "7"]
[White "Neuhold Sabine"]
[Black "Hefti Stephanie"]
[Result "0-1"]
[WhiteElo "1240"]
[BlackElo "1233"]
[PlyCount "52"]
[EventDate "1998.??.??"]
[Source "www.chesslib.no"]
[SourceDate "2004.05.04"]

1. e4 e5 2. Nf3 Bd6 3. Bc4 Nc6 4. d3 Qe7 5. Nc3 Bc5 6. Nb5 d6 7. O-O Bg4 8. h3 Be6 9. Bg5 f6 10. Bh4 O-O-O 11. Qd2 Qf7 12. Ng5 fxg5 13. Bxg5 Rf8 14. Bh4 a6 15. Nc3 Qh5 16. Bxe6+ Kb8 17. g3 Nd4 18. Bg4 Nf3+ 19. Bxf3 Qxf3 20. g4 Qxh3 21. Qg5 h6 22. Qxg7 Qxh4 23. Qxf8+ Ka7 24. Rab1 h5 25. b4 hxg4 26. bxc5 Qh1# 0-1

[Event "Undeloh (15.04.-18.04)"]
[Site "?"]
[Date "2004.04.17"]
[Round "6.24"]
[White "Boehm Heinz"]
[Black "Gunzert Thomas"]
[Result "0-1"]
[WhiteElo "1259"]
[BlackElo "1198"]
[PlyCount "78"]
[EventDate "2004.??.??"]
[Source "www.chesslib.no"]
[SourceDate "2004.05.04"]

1. e4 e5 2. Nf3 a6 3. c3 Nf6 4. d3 c6 5. Bg5 d5 6. Nxe5 Be7 7. Be2 dxe4 8. O-O exd3 9. Qxd3 O-O 10. Na3 Nd5 11. Bxe7 Qxe7 12. Ng4 Qg5 13. Qd4 Nf4 14. Bf3 Bxg4 15. g3 Bxf3 16. Qxf4 Qd5 17. Rad1 Bxd1 18. c4 Qd3 19. Re1 c5 20. Nb5 Nc6 21. Nd6 b6 22. Re3 Qd2 23. Ne4 Qc2 24. Qg5 Be2 25. Nf6+ Kh8 26. Nd7 Qd1+ 27. Kg2 Rfd8 28. Rxe2 Qxe2 29. Qf5 Nd4 30. Qxf7 Qe4+ 31. Kh3 Ne2 32. f3 Ng1+ 33. Kg2 Qe1 34. h4 Qd1 35. h5 h6 36. Ne5 Re8 37. Ng6+ Kh7 38. Nh4 Re2+ 39. Kh1 Nxf3# 0-1

[Event "Steinfurt"]
[Site "?"]
[Date "2003.12.06"]
[Round "4.5"]
[White "Stricker Reinhold"]
[Black "Schmalbrock Andreas"]
[Result "1/2-1/2"]
[WhiteElo "1250"]
[BlackElo "1201"]
[PlyCount "33"]
[EventDate "2003.??.??"]
[Source "www.chesslib.no"]
[SourceDate "2004.05.04"]

1. e4 e5 2. Nf3 Bd6 3. Bc4 Qe7 4. a3 Nf6 5. d3 h6 6. Nc3 c6 7. b4 c5 8. bxc5 Bxc5 9. Nd5 Nxd5 10. Bxd5 O-O 11. O-O d6 12. h3 Qf6 13. Qe2 Qg6 14. Kh2 Nd7 15. Be3 Bxe3 16. fxe3 Nf6 17. Nh4 1/2-1/2

[Event "Aveiro Campeoes-B 3rd"]
[Site "?"]
[Date "2002.03.09"]
[Round "1.1"]
[White "Teixeira Sergio"]
[Black "Ferreira Susana"]
[Result "0-1"]
[WhiteElo "1142"]
[BlackElo "1293"]
[PlyCount "118"]
[EventDate "2002.??.??"]
[Source "www.chesslib.no"]
[SourceDate "2004.05.04"]

1. e4 e5 2. Nf3 Bc5 3. Nxe5 Qe7 4. d4 Bd6 5. Bf4 f6 6. Nd3 Bxf4 7. Nxf4 Qxe4+ 8. Ne2 Ne7 9. Nbc3 Qg6 10. g3 O-O 11. Bg2 Qe8 12. O-O Qd8 13. Re1 Ng6 14. Bd5+ Kh8 15. Qd2 Nc6 16. Nf4 Nce7 17. Bb3 Nxf4 18. Qxf4 Ng6 19. Qg4 d6 20. Qh5 c6 21. Na4 d5 22. c4 dxc4 23. Bc2 Kg8 24. Nc5 Qxd4 25. Ne6 Bxe6 26. Rxe6 Qd7 27. Re4 Qf7 28. Rd1 Rad8 29. Rxc4 Rxd1+ 30. Bxd1 Qxc4 31. Bb3 Qxb3 32. axb3 Rd8 33. Qa5 Rd1+ 34. Kg2 a6 35. Qa3 Rd5 36. b4 Nf8 37. Qb3 Ng6 38. f4 Kf8 39. Kf3 Rb5 40. Qd3 Re5 41. Qd6+ Re7 42. f5 Ne5+ 43. Kg2 h6 44. Qb8+ Kf7 45. Kh3 Nd3 46. g4 Nxb2 47. Qd6 Nc4 48. Qc5 Ne5 49. Qa5 Nd3 50. Qa2+ Kf8 51. Qd2 Ne5 52. Qd8+ Kf7 53. Qh8 Re8 54. Qh7 Rd8 55. g5 fxg5 56. f6 Kxf6 57. Qc2 Rd3+ 58. Kg2 Rd4 59. h4 Rxh4 0-1

[Event "AUT-ch U10 Girls"]
[Site "Feldkirchen"]
[Date "1998.??.??"]
[Round "4"]
[White "Hefti, Stephanie"]
[Black "Artner, Karina Maria"]
[Result "1-0"]
[WhiteElo "1233"]
[BlackElo "1200"]
[PlyCount "21"]
[EventDate "1998.05.30"]
[Source "www.chesslib.no"]
[SourceDate "2004.05.04"]

1. e4 e5 2. Nf3 Bc5 3. Bc4 Nh6 4. h3 O-O 5. d3 Nc6 6. Bg5 Qe8 7. Nc3 d6 8. Qd2 Nd4 9. Bxh6 gxh6 10. Qxh6 Bd7 11. Ng5 1-0